000 01632nam a22002897a 4500
001 121281
008 221221s2021 xxk|||||o|||| 00| 0 eng d
020 _a9781783214150
041 _aeng
100 _aColin Fleming
110 _aRoyal Institution of Chartered Surveyors
245 _aSubcontracting
_bRICS Guidance Note
_h[Electronic resource]
250 _a1st Edition
260 _aLondon,
_bRoyal Institution of Chartered Surveyors,
_cApril 2021
300 _a102p
490 _aRICS Black Book
490 _aRICS Guidance Note
520 _aIn the context of a construction contract, a subcontractor is a person who agrees to perform some or all of the obligations that the main contractor is obliged to perform under a separate main contract with the employer. This guidance note covers most issues that can arise as a result of subcontracting on a major project, but some of these issues will not arise on most smaller projects. It is necessarily limited in its content and focuses on subcontracting in the context of building and civil engineering projects in the UK, but not private finance initiative (PFI) projects. It does not cover the management of subcontractors on site, or the role of suppliers of materials or goods.
650 _aQUANTITY SURVEYING
650 _aCONSTRUCTION
650 _aCONSTRUCTION CONTRACTS
651 _aUnited Kingdom
690 _96263
_aQuantity surveying
710 _aRoyal Institution of Chartered Surveyors
856 _uhttps://www.rics.org/content/dam/ricsglobal/documents/standards/subcontracting_1st_edition.pdf
_zAvailable free on RICS.org
942 _n0
999 _c121281
_d121281